000 00946nam a2200265 i 4500
001 6335
003 ES-MaACL
005 20240301062529.0
007 t|
008 890925s1976 sp b ||||1| spa d
020 _a84-369-0519-9
080 _a012 Machado
080 _a86(Machado,A.):012
245 0 0 _aBibliografia machadiana
_b: (bibliografia para un centenario) /
_cBiblioteca Nacional.
260 _aMadrid :
_bServicio de Publicaciones del Ministerio de Educacion y Ciencia,
_c1976.
300 _a295 p. ;
_c25 cm.
490 1 _aPanoramas bibliograficos de España ;
_v2
500 _aIndice.
600 1 4 _aMachado, Antonio,
_d1875-1939-
_vBibliografías
_975152
710 1 _aEspaña.
_bMinisterio de Educación y Ciencia.
_93864
710 2 _aBiblioteca Nacional (España)
_92188
830 0 _aPanoramas bibliograficos de España ;
_v2
_9180422
852 _aES-MaACL
_jL-13487
_bR.116717
_z. - rust.
999 _c6335
_d6335